000 00330 a2200157 4500
001 169418
020 _a
040 _cMagnum
100 _aGewandsznajder, Fernando
240 1 0 _aCiencias - 8ª serie
_lpor
245 1 0 _aCiencias - 8ª serie
362 0 _a1899
440 1 _aÁtica
697 _aPARADIDATICOS
942 _cBK
999 _c169418
_d169418